Welcome to CU Library Online Public Access Catalogue (OPAC)

Systems Analysis and Design Methods/ (Record no. 912)

MARC details
000 -LEADER
fixed length control field 00625nam a22001937a 4500
005 - DATE AND TIME OF LATEST TRANSACTION
control field 20241108162626.0
008 - FIXED-LENGTH DATA ELEMENTS--GENERAL INFORMATION
fixed length control field 241108b |||||||| |||| 00| 0 eng d
020 ## - INTERNATIONAL STANDARD BOOK NUMBER
International Standard Book Number 9780256101324
050 ## - LIBRARY OF CONGRESS CALL NUMBER
Classification number QA76.9 WHI
100 ## - MAIN ENTRY--PERSONAL NAME
Personal name Whitten, Jeffrey L.
245 ## - TITLE STATEMENT
Title Systems Analysis and Design Methods/
Remainder of title instructor's edition
Statement of responsibility, etc. Jeffrey L. Whitten, Lonnie D. Bentley & Victor M. Barlow
250 ## - EDITION STATEMENT
Edition statement 3rd Ed.
260 ## - PUBLICATION, DISTRIBUTION, ETC.
Place of publication, distribution, etc. Burr, Illinois
Name of publisher, distributor, etc. Irwin
Date of publication, distribution, etc. 1994
300 ## - PHYSICAL DESCRIPTION
Extent xxiv.868p.
Other physical details ill. some color
Dimensions 26cm
650 ## - SUBJECT ADDED ENTRY--TOPICAL TERM
Source of heading or term System analysis and design
700 ## - ADDED ENTRY--PERSONAL NAME
Personal name Bentley, Lonnie D.
700 ## - ADDED ENTRY--PERSONAL NAME
Personal name Barlow, Victor M.
942 ## - ADDED ENTRY ELEMENTS (KOHA)
Source of classification or shelving scheme Library of Congress Classification
Koha item type Books
Edition 3rd Ed.
Suppress in OPAC No
999 ## -
-- 912
-- 912
Holdings
Withdrawn status Lost status Source of classification or shelving scheme Damaged status Not for loan Collection Home library Current library Shelving location Date acquired Total checkouts Full call number Barcode Date last seen Copy number Price effective from Koha item type
    Library of Congress Classification     Non-fiction Science Library (Miotso) Science Library (Miotso) General stacks 11/08/2024   QA76.9 WHI SLM00000503 11/08/2024 1 11/08/2024 Books
© 2023-2024 Copyright: Central University Libraries. All Rights Reserved | Created by: Mahone Tech Office